| 000 | 00333nam a2200133Ia 4500 | ||
|---|---|---|---|
| 008 | 230917s9999||||xx |||||||||||||| ||und|| | ||
| 040 |
_e199270 _aMAIN |
||
| 041 | _aEnglish | ||
| 082 | _a617 D36S | ||
| 100 | _aDeepak Prakash | ||
| 245 | 0 | _aSerum ceruloplasmin levels in patients of carcinoma breast | |
| 300 | _a47 p. | ||
| 942 | _cTH | ||
| 999 |
_c74023 _d74023 |
||